Business rates review (Record no. 84611)
[ view plain ]
| 000 -LEADER | |
|---|---|
| fixed length control field | 01133cab a22002415a 4500 |
| 001 - CONTROL NUMBER | |
| control field | L158498 |
| 008 - FIXED-LENGTH DATA ELEMENTS--GENERAL INFORMATION | |
| fixed length control field | 150324e2015 xxk 000 0 eng d |
| 020 ## - INTERNATIONAL STANDARD BOOK NUMBER | |
| International Standard Book Number | 9781910337905 |
| 035 ## - SYSTEM CONTROL NUMBER | |
| System control number | (Sirsi) u158498 |
| 041 0# - LANGUAGE CODE | |
| Language code of text/sound track or separate title | eng |
| 110 2# - MAIN ENTRY--CORPORATE NAME | |
| Corporate name or jurisdiction name as entry element | United Kingdom |
| Subordinate unit | HM Treasury |
| 245 00 - TITLE STATEMENT | |
| Title | Business rates review |
| Remainder of title | Terms of reference and discussion paper |
| Medium | [electronic resource] |
| 260 ## - PUBLICATION, DISTRIBUTION, ETC. | |
| Place of publication, distribution, etc. | London |
| Name of publisher, distributor, etc. | HM Treasury |
| Date of publication, distribution, etc. | 2015 |
| 520 ## - SUMMARY, ETC. | |
| Summary, etc. | Sets out terms of reference for the Government's consultation on the future of business rates in England. Discusses the concept of business rates as a tax related to property values, looks at how business rates revenue is used and how it is raised and who pays them. |
| 520 ## - SUMMARY, ETC. | |
| Summary, etc. | Consultation closes on 12 June 2015. The review will report its findings by Budget 2016. |
| 590 ## - LOCAL NOTE (RLIN) | |
| Local note | KA |
| 650 24 - SUBJECT ADDED ENTRY--TOPICAL TERM | |
| Topical term or geographic name entry element | BUSINESS RATES |
| 650 24 - SUBJECT ADDED ENTRY--TOPICAL TERM | |
| Topical term or geographic name entry element | NON-DOMESTIC RATES |
| 651 #4 - SUBJECT ADDED ENTRY--GEOGRAPHIC NAME | |
| Geographic name | England |
| Chronological subdivision | 886- |
| 690 ## - LOCAL SUBJECT ADDED ENTRY--TOPICAL TERM (OCLC, RLIN) | |
| Topical term or geographic name as entry element | Finance & Taxation |
| 9 (RLIN) | 6241 |
| 856 40 - ELECTRONIC LOCATION AND ACCESS | |
| Uniform Resource Identifier | <a href="https://www.gov.uk/government/consultations/business-rates-review-terms-of-reference-and-discussion-paper">https://www.gov.uk/government/consultations/business-rates-review-terms-of-reference-and-discussion-paper</a> |
| Public note | View the item free of charge from the www.gov.uk |
| 942 ## - ADDED ENTRY ELEMENTS (KOHA) | |
| Suppress in OPAC | 0 |
| Withdrawn status | Lost status | Source of classification or shelving scheme | Damaged status | Not for loan | Home library | Current library | Shelving location | Date acquired | Total Checkouts | Full call number | Barcode | Date last seen | Copy number | Price effective from | Koha item type |
|---|---|---|---|---|---|---|---|---|---|---|---|---|---|---|---|
| Dewey Decimal Classification | Virtual | Virtual | Online | 24/03/2015 | ONLINE PUBLICATION | 158498-2001 | 06/08/2019 | 1 | 06/08/2019 | Book |